00417nam a2200121Ia 4500008004100000245010300041260003900144260000900183300000900192650002600201650001200227856005600239170516s9999 xx 000 0 und d a Uterine artery embolisation as an effective choice for symptomatic fibroids: Five-year outcome bSouth African Journal of Radiology c2016 a20:1 xRadiologic Technology xRadtech uhttp://www.sajr.org.za/index.php/sajr/issue/view/54